Państwa, w których spożywa się najmniej mięsa - Statystyki

Ogólne statystyki
  • Ten quiz został rozwiązany 2 442 razy
  • Średni wynik to 10 z 20
Statystyki odpowiedzi
Kg Państwo % Poprawnych
12,4 Indie
78%
7,9 Niger
65%
6,2 Demokratyczna Republika Konga
62%
12,8 Nigeria
59%
12,3 Kenia
55%
19,6 Pakistan
55%
7,2 Etiopia
54%
11,1 Irak
52%
9,3 Afganistan
48%
14,8 Mali
47%
17,6 Nepal
46%
19,9 Jemen
45%
11,2 Rwanda
45%
16,7 Tanzania
44%
15 Syria
42%
9,3 Madagaskar
38%
5,5 Burundi
36%
16,4 Dżibuti
36%
10,7 Lesotho
33%
16,1 Gwinea Bissau
30%
Nie znaleziono quizów pasujących do podanych kryteriów
Rozkład punktacji
Procent ludzi z każdym wynikiem
Percentyl według liczby udzielonych odpowiedzi
Twoja historia wyników
Nie rozwiązałeś tego quizu